000 00413nam a2200145Ia 4500
003 OSt
005 20260123163136.0
008 211028s2017 xx 000 0 und d
040 _cAIMIT LIBRARY
041 _aeng
100 _aAswathi, P V; Dias, Beena.
_g1516019
_97596
245 _aStudy on performance appraisal in Industan textiles Kannur /
260 _aMangalore
_bDr Beena Dias.
_c2017
942 _2ddc
_cPRO
999 _c219164
_d219164